000 00500nam a2200181Ia 4500
001 14032
005 20260306164844.0
008 260306t2017||||xx |||||||||||||| ||spa||
041 _aESP
082 _a006
_bA184
100 _aAukstakalnis, Steve
_eAUT
245 0 _aPractical augmented reality:
_ba guide to the technologies, applications, and human factors for AR and VR
260 _c2017
300 _a420 páginas :
_c23 cm.
650 _aGEN
654 _aCCC
942 _cLIB
_dJUS
_fJUS
_2ddc
_n
999 _c14032
_d14032